[Event "JUG-chT"]
[Site "Tivat"]
[Date "1995.??.??"]
[Round "1"]
[White "Kosic, Dragan"]
[Black "Pajkovic, Vladimir"]
[Result "1/2-1/2"]
[WhiteElo "2515"]
[BlackElo "2430"]

1.Nf3 d5 2.g3 Nc6 3.Bg2 e5 4.d3 Be7 5.O-O Be6 6.c3 a5 7.a4 Qd7 8.Na3 h5 9.h4 Bxa3
10.Rxa3 f6 11.e4 dxe4 12.dxe4 O-O-O 13.Qxd7+ Rxd7 14.Re1 Nge7 15.Be3 Rhd8
16.Raa1 Kb8 17.Bf1 Bb3 18.Rec1 Nc8 19.Kg2 Nb6 20.Bb5 Bf7 21.Bc5 Nc8 22.b4 Nd6
23.bxa5 Nxe4 24.Be3 Rd6 25.a6 Na5 26.Rab1 b6 27.Be2 Ka7 28.Rb4 Bg6 29.Nh2 c5
30.Rb2 Nd2 31.Bb5 Nac4 32.Ra2 Nxe3+ 33.fxe3 Be4+ 34.Kf2 Ba8 35.Nf1 Ne4+ 36.Ke1 Bd5
37.Rb2 Be6 38.Be2 c4 39.Rb4 Nc5 40.Rcb1 Nxa6 41.R4b2 Bf5 42.Ra1 Bd3 43.Nd2 Rc6
44.Bxh5 Rc5 45.Rb5  1/2-1/2

[Event "JUG-chT"]
[Site "Tivat"]
[Date "1995.??.??"]
[Round "2"]
[White "Drasko, Milan"]
[Black "Blagojevic, Dragisa"]
[Result "1/2-1/2"]
[WhiteElo "2505"]
[BlackElo "2460"]

1.Nf3 d5 2.g3 c6 3.Bg2 Bg4 4.O-O Nd7 5.d4 e6 6.Nbd2 f5 7.c4 Bd6 8.Qb3 Rb8
9.Re1 Qf6 10.cxd5 cxd5 11.Qa4 Ne7 12.Ne5 b5 13.Qxa7 Nxe5 14.dxe5 Bxe5 15.Nf3 Bxf3
16.exf3 Nc6 17.Qc5 Kd7 18.Rxe5 Nxe5 19.Qa7+ Kd6 20.Bf4 g5 21.Be3 Rhc8 22.Bd4 Ra8
23.Qb6+ Rc6 24.Bc5+ Kd7 25.Qb7+ Rc7 26.Qxb5+ Nc6 27.Bb6 Rb8 28.a4 Rcb7 29.a5 Qd8
30.f4 Rxb6 31.axb6 Rxb6 32.Qc5 gxf4 33.Rc1 Kc7 34.b4 Kb7 35.b5 Na7 36.Bf1 fxg3
37.hxg3 Qd7 38.Rb1 Nc8 39.Ra1 Kb8 40.Ra4 Qd6 41.Qc3 Rb7  1/2-1/2

[Event "JUG-chT"]
[Site "Tivat"]
[Date "1995.??.??"]
[Round "3"]
[White "Notaros, Krasoje"]
[Black "Vasiljevic, Dragan"]
[Result "1/2-1/2"]
[WhiteElo "2370"]
[BlackElo "2425"]

1.Nf3 d5 2.g3 c6 3.Bg2 Bg4 4.c4 e6 5.O-O Nf6 6.b3 Bd6 7.Bb2 O-O 8.d3 Nbd7
9.Nbd2 Qb8 10.Re1 Re8 11.Qc2 e5 12.cxd5 cxd5 13.e4 d4 14.Rec1 Nb6 15.Nc4 Nxc4
16.dxc4 a5 17.Ne1 Nd7 18.a3 Be6 19.Nd3 Rc8 20.a4 Nc5 21.Nxc5 Bxc5 22.Qe2 Qd6
23.Rd1 Rc6 24.Rd3 Rb6 25.Bc1 Bb4 26.Bd2 Bxd2 27.Qxd2 Rb4 28.f4 f6 29.Bf3 Qb6
30.Bd1 f5 31.Qg2 exf4 32.exf5 Bxf5 33.Qd5+ Be6 34.Qxd4 fxg3  1/2-1/2

[Event "JUG-chT"]
[Site "Tivat"]
[Date "1995.??.??"]
[Round "6"]
[White "Grujic, Zoran"]
[Black "Vlatkovic, Sinisa"]
[Result "1-0"]
[WhiteElo "2305"]
[BlackElo "2305"]

1.g3 d5 2.Nf3 Bg4 3.Bg2 c6 4.Ne5 Be6 5.d4 Nd7 6.Nd3 Bf5 7.O-O e6 8.c3 Bd6
9.Bf4 Bxf4 10.Nxf4 Ngf6 11.Nd2 g5 12.Nd3 Bxd3 13.exd3 g4 14.f4 Qc7 15.Qe2 O-O-O
16.Rfe1 h5 17.Nf1 h4 18.Ne3 Nh5 19.Qf2 Rdg8 20.Re2 Ndf6 21.Nf1 Ng7 22.b4 Nf5
23.Re5 Nh5 24.a4 Kb8 25.Rb1 Re8 26.c4 f6 27.Re2 Qh7 28.b5 hxg3 29.hxg3 Nhxg3
30.Reb2 Nh1 31.Qe1 c5 32.dxc5 Nd4 33.Qe3 e5 34.Bxd5 Nf5 35.Qe4 exf4 36.Qxf4+ Qc7
37.Qxc7+ Kxc7 38.Bxh1 Nd4 39.Ng3 f5 40.Rf2 Rh3 41.Nxf5 Rh2 42.Bg2 g3 43.Nxd4 gxf2+
44.Kxf2 Rf8+ 45.Nf3 Rh5 46.d4 Rh4 47.Rd1 Rg4 48.a5 Rfg8 49.Bf1 Rf4 50.Be2 Rgf8
51.Ke3 Rg4 52.b6+ Kb8 53.Ne5 Rg7 54.Bf3 a6 55.c6 Re7 56.Be4  1-0

[Event "JUG-chT"]
[Site "Tivat"]
[Date "1995.??.??"]
[Round "7"]
[White "Radonjanin, Vlastimir"]
[Black "Abramovic, Bosko"]
[Result "1/2-1/2"]
[WhiteElo "2325"]
[BlackElo "2480"]

1.g3 d5 2.Nf3 c5 3.Bg2 Nc6 4.d4 e6 5.O-O cxd4 6.Nxd4 Bc5 7.Nxc6 bxc6 8.c4 Nf6
9.Nc3 O-O 10.Qa4 Bb7 11.b4 Be7 12.Rd1 a5 13.b5 cxb5 14.Nxb5 Qe8 15.Rb1 Bc6
16.Qb3 Rc8 17.cxd5 Nxd5 18.Bd2 Rb8 19.a4 Bxb5 20.axb5 Nb4 21.Bf4 Rxb5 22.Rdc1 Rc5
23.Bc7 Qb5 24.Rxc5 Bxc5 25.Bf4 Nd5 26.Bd2 Nb4  1/2-1/2

[Event "JUG-chT (Women)"]
[Site "Tivat"]
[Date "1995.??.??"]
[Round "8"]
[White "Manakova, Maria"]
[Black "Zaitseva, Ludmila G"]
[Result "1-0"]
[WhiteElo "2380"]
[BlackElo "2360"]

1.Nf3 d5 2.g3 c6 3.Bg2 Bg4 4.O-O Nd7 5.b3 e6 6.Bb2 Ngf6 7.d3 Bc5 8.Nbd2 Qe7
9.e4 dxe4 10.dxe4 e5 11.a3 a5 12.b4 Bb6 13.Nc4 Bc7 14.Ne3 Be6 15.Ng5 O-O
16.Nxe6 Qxe6 17.Qe2 Rfd8 18.c4 Nf8 19.Bc3 Qe8 20.Qb2 N6d7 21.f4 exf4 22.gxf4 f6
23.Rae1 axb4 24.axb4 Ng6 25.e5 fxe5 26.fxe5 Qe6 27.Nd5 Bb6+ 28.Kh1 Rf8 29.Qe2 Kh8
30.Qh5 cxd5 31.cxd5 Qe7 32.Be4 Rxf1+ 33.Rxf1 Rf8 34.Re1 Kg8 35.Bf5 Rc8 36.d6 Qf8
37.Bb2 Ndxe5 38.Bxe5 Re8 39.d7 Rd8 40.Be6+ Kh8 41.Bf5 Qf7 42.Rd1 Qc4 43.h3 Ra8
44.Re1 Qf7 45.Bxg6 Qxg6 46.Qxg6 hxg6 47.Bc7  1-0

[Event "JUG-chT"]
[Site "Tivat"]
[Date "1995.??.??"]
[Round "8"]
[White "Kostic, Vladimir"]
[Black "Pajkovic, Vladimir"]
[Result "1-0"]
[WhiteElo "2430"]
[BlackElo "2430"]

1.Nf3 d5 2.g3 Nc6 3.d4 Bg4 4.Nbd2 Qd7 5.h3 Bf5 6.c3 O-O-O 7.b4 f6 8.Nh4 e5
9.Nxf5 Qxf5 10.b5 Nce7 11.Bg2 Qe6 12.O-O Kb8 13.Qb3 exd4 14.cxd4 Qxe2 15.Qc2 Nc8
16.a4 Nge7 17.Bf3 Qe6 18.Nb3 g5 19.Nc5 Qxh3 20.Ba3 Qf5 21.Qe2 h5 22.Rfb1 Ng6
23.Na6+ bxa6 24.bxa6+ Nb6 25.Bxf8 Rhxf8 26.a5 Rfe8 27.Qd1 g4 28.Bg2 h4 29.axb6 cxb6
30.Qa4 Re6 31.Re1 h3 32.Rxe6 Qxe6 33.Bh1 f5 34.Rc1 f4 35.Qc2 Qf7 36.Bxd5 Qd7
37.Be6  1-0

[Event "JUG-chT"]
[Site "Tivat"]
[Date "1995.??.??"]
[Round "10"]
[White "Petronic, Jovan"]
[Black "Vujosevic, Vladimir"]
[Result "1/2-1/2"]
[WhiteElo "2460"]
[BlackElo "2345"]

1.Nf3 d5 2.g3 Nf6 3.Bg2 Bf5 4.O-O e6 5.d3 h6 6.Nc3 Be7 7.Qe1 Bh7 8.e4 c6
9.Qe2 O-O 10.Bd2 Nbd7 11.Ne1 dxe4 12.dxe4 Nc5 13.Rd1 Qc7 14.Nd3 Nfd7 15.f4 Rae8
16.Be3 Nxd3 17.cxd3 Bc5 18.d4 Bb6 19.Na4 Rd8 20.a3 f5 21.e5 Rfe8 22.Rd2 Qb8
23.b4 a6 24.Nc5 Ba7 25.a4 Nb6 26.b5 axb5 27.axb5 Nd5 28.bxc6 bxc6 29.Bxd5 Rxd5
30.Rb2 Qd8 31.Nb7 Qc7 32.Nd6 Rb8 33.Rfb1 Rxb2 34.Qxb2 Bg6 35.Qc3 Bh5 36.Rb7 Qa5
37.Qxa5 Rxa5 38.Kf2 Ra2+ 39.Ke1 Re2+ 40.Kf1 Ra2 41.Ke1 Re2+ 42.Kf1 Ra2 43.Bf2 Bf3
44.Re7 Bd5 45.Nc8 Ra1+ 46.Ke2 Ra2+ 47.Ke1 Ra1+ 48.Kd2 Ra2+ 49.Ke1 Ra1+  1/2-1/2

[Event "DEN-chJ"]
[Site "Tjele"]
[Date "1995.??.??"]
[Round "4"]
[White "Bonstingl, Georg"]
[Black "Johansen, Morten"]
[Result "1/2-1/2"]
[WhiteElo "2225"]
[BlackElo "2210"]

1.Nf3 d5 2.g3 Bg4 3.Bg2 Nd7 4.c4 e6 5.O-O Ngf6 6.b3 c6 7.Bb2 Bd6 8.d4 Qc7
9.Nbd2 O-O 10.Rc1 a5 11.a3 Qb8 12.Re1 b5 13.cxb5 cxb5 14.e4 dxe4 15.Nxe4 Nxe4
16.Rxe4 Nf6 17.Rxg4 Nxg4 18.Ne5 Nf6 19.Bxa8 Qxa8 20.Qf3 Nd5 21.Qd3 Qb7 22.Qc2 Ra8
23.Nd3 Qe7 24.Qc6 Rb8 25.Qa6 Bxa3 26.Qxa5 Bb4 27.Qa6 Bd2 28.Rc5 b4 29.Ne5 Rf8
30.Nc4 Bc3 31.Bxc3 bxc3 32.Ne3 Qg5 33.Nxd5 Qc1+ 34.Kg2 exd5 35.Qd3 Qd2 36.Qxc3 Qxc3
37.Rxc3 Rb8 38.Rc5 Kf8 39.Rxd5 Rxb3 40.Re5 Rd3 41.Re4 f5 42.Rf4 Ke7 43.Rxf5 Rxd4
44.h4 Ke6 45.Rf8 h5 46.Kf3 Ra4 47.Re8+ Kf6 48.Re4 Ra3+ 49.Kf4 Ra5 50.f3 Rf5+
51.Ke3 Ra5 52.g4 hxg4 53.fxg4 Ra1 54.Kf3 Rh1 55.Kg3 Rg1+ 56.Kh2 Ra1 57.Rf4+ Kg6
58.Rf3 Ra4 59.Kg3 Rb4 60.Rc3 Ra4 61.Rc6+ Kh7 62.h5 Ra3+ 63.Kh4 Ra5 64.Rg6 Ra1
65.Re6 Ra5 66.Re4 Rb5 67.Rf4 Ra5 68.Rf5 Ra4  1/2-1/2

[Event "Tomo Zupan op"]
[Site "Tomo Zupan"]
[Date "1995.??.??"]
[Round "2"]
[White "Muri, Emil"]
[Black "Zvan, Ziga"]
[Result "1-0"]
[WhiteElo "2000"]
[BlackElo "1930"]

1.Nf3 d5 2.g3 Nf6 3.Bg2 Bf5 4.O-O Nbd7 5.d3 e5 6.Nbd2 Bd6 7.Nh4 Be6 8.e4 d4
9.Nf5 O-O 10.h3 Re8 11.g4 Nf8 12.Nf3 h6 13.Bd2 Ng6 14.Qc1 Qd7 15.Kh1 h5 16.Nh2 hxg4
17.hxg4 Nf4 18.Bxf4 exf4 19.Bf3 Be5 20.Rg1 g6 21.Qf1 Bxf5 22.gxf5 Kg7 23.Qg2 Rh8
24.fxg6 Rxh2+ 25.Qxh2 Rh8 26.gxf7+ Ng4 27.Qxh8+  1-0

[Event "Toronto ch"]
[Site "Toronto"]
[Date "1995.??.??"]
[Round "2"]
[White "Walker, Ben"]
[Black "Ochkoos, Jura"]
[Result "1/2-1/2"]
[WhiteElo "2250"]
[BlackElo "2230"]

1.Nf3 d5 2.g3 c6 3.Bg2 Nf6 4.d3 Bf5 5.O-O h6 6.Nbd2 e6 7.b3 Be7 8.Bb2 O-O
9.c4 a5 10.a3 Na6 11.Rc1 Bh7 12.Qc2 Nc7 13.Qb1 Nd7 14.Qa1 Bf6  1/2-1/2

[Event "FRA-ch"]
[Site "Toulouse"]
[Date "1995.??.??"]
[Round "5"]
[White "Anic, Darko"]
[Black "Sharif, Mershad"]
[Result "1-0"]
[WhiteElo "2410"]
[BlackElo "2465"]

1.Nf3 d5 2.g3 Bg4 3.Bg2 Nd7 4.c4 c6 5.cxd5 cxd5 6.Nc3 e6 7.Qb3 Qb6 8.Qxb6 axb6
9.d4 Bb4 10.Bd2 Ne7 11.Nb5 Bxd2+ 12.Kxd2 O-O 13.Rhc1 Nc6 14.e3 Rfb8 15.Ne1 Nf6
16.f3 Bf5 17.Bf1 Ne8 18.Bd3 Bxd3 19.Nxd3 f6 20.b3 Kf7 21.Nb2 Ra5 22.a4 Rd8
23.Nd1 Ke7 24.Ndc3 Raa8 25.Re1 Nd6 26.Nxd6 Rxd6 27.Nb5 Rdd8 28.Rac1 Rac8
29.Rc3 Na5 30.Rec1 Rxc3 31.Rxc3 Nc6 32.Kd3 h5 33.e4 g5 34.Ke3 g4 35.exd5 Rxd5
36.Rc4 f5 37.Nc3 Rd8 38.Ne2 gxf3 39.Kxf3 e5 40.Ke3 Kf6 41.h4 exd4+ 42.Nxd4 Ne7
43.Ne2 Nd5+ 44.Kf3 Re8 45.Nf4 Nxf4 46.Kxf4 Re1 47.Rb4 Re6 48.Rd4 Kg6 49.Kf3 Kf6
50.Rd7 Rc6 51.b4 Rc3+ 52.Kf2 f4 53.gxf4 Ra3 54.Rd5 Rxa4 55.Rb5 Kg6 56.Ke3 Ra3+
57.Ke4 Rh3 58.Rxb6+ Kf7 59.Rxb7+ Kf6 60.Rb6+ Kf7 61.Ke5 Rxh4 62.f5 Rh1 63.Rb7+ Kg8
64.Kf6 h4 65.Rg7+ Kf8 66.Rc7 Kg8 67.Rc8+ Kh7 68.Kf7 h3 69.f6 h2 70.Rc2 Kh6
71.b5 Kg5 72.b6 Kf5 73.Rb2  1-0

[Event "FRA-ch"]
[Site "Toulouse"]
[Date "1995.??.??"]
[Round "7"]
[White "Anic, Darko"]
[Black "Relange, Eloi"]
[Result "1-0"]
[WhiteElo "2410"]
[BlackElo "2455"]

1.Nf3 d5 2.g3 Nf6 3.Bg2 Bg4 4.c4 c6 5.Ne5 Be6 6.cxd5 Bxd5 7.Nf3 c5 8.Nc3 Bc6
9.O-O e6 10.d3 Nbd7 11.Bf4 Be7 12.e4 O-O 13.Re1 Nh5 14.Be3 Nhf6 15.Bf4 Nh5
16.d4 Nxf4 17.gxf4 cxd4 18.Nxd4 Nb8 19.Re3 Bc5 20.Rd3 Qf6 21.Qd2 Rd8 22.Rd1 Rxd4
23.Rxd4 Qxd4 24.Qxd4 Bxd4 25.Rxd4 Nd7 26.b4 a6 27.a4 Nb6 28.a5 Na4 29.Nxa4 Bxa4
30.e5 Bc6 31.Bxc6 bxc6 32.Kf1 Kf8 33.Ke2 Ke7 34.Rd6 Rb8 35.Rxc6 Rxb4 36.Ke3 Rb3+
37.Ke2 Rb4 38.Kf3 Rb3+ 39.Kg2 g6 40.Rxa6 Ra3 41.Ra8 Kd7 42.a6 Ke7 43.f3 Ra2+
44.Kg3 h6 45.h4 h5 46.f5 gxf5 47.Kf4 Kd7 48.a7 Kc6 49.Rc8+ Kb7 50.a8=Q+  1-0

[Event "FRA-chB"]
[Site "Toulouse"]
[Date "1995.??.??"]
[Round "10"]
[White "Neiman, Emmanuel"]
[Black "Collas, Didier"]
[Result "0-1"]
[WhiteElo "2290"]
[BlackElo "2350"]

1.Nf3 d5 2.g3 c6 3.Bg2 Bf5 4.O-O e6 5.d3 Nf6 6.Nbd2 h6 7.Qe1 Bh7 8.e4 dxe4
9.dxe4 Na6 10.a3 Nc5 11.Ne5 Qd4 12.Ndc4 Ncxe4 13.Be3 Qd8 14.Rd1 Qc8 15.b4 Qc7
16.Bf4 g5 17.f3 gxf4 18.fxe4 b5 19.Na5 Qxe5 20.gxf4 Qc7 21.Qc3 Be7 22.Rd3 Rg8
23.Rg3 Rxg3 24.hxg3 Bxe4 25.Re1 Qb6+ 26.Kf1 Ng4 27.Qd2 Nh2+  0-1

[Event "FRA-chB"]
[Site "Toulouse"]
[Date "1995.??.??"]
[Round "10"]
[White "Gey, Marc Emile"]
[Black "Augereau, Cyrille"]
[Result "0-1"]
[WhiteElo "1840"]
[BlackElo "1830"]

1.Nf3 d5 2.g3 Nf6 3.d3 Bg4 4.Bg2 Nbd7 5.Nbd2 e5 6.e4 c6 7.O-O Bd6 8.Re1 O-O
9.h3 Bh5 10.Nf1 dxe4 11.dxe4 Nc5 12.Bg5 h6 13.Bxf6 Qxf6 14.g4 Bg6 15.Ng3 Rad8
16.Qe2 Ne6 17.Qc4 Nf4 18.Kh2 Qe6 19.Bf1 Rd7 20.Nh4 Qxc4 21.Bxc4 Bc5 22.Nxg6 Nxg6
23.f3 Rfd8 24.Nf1 Nf4 25.Kg3 a5 26.a4 Rd2 27.Nxd2 Rxd2 28.g5 Rg2+  0-1

[Event "FRA-ch"]
[Site "Toulouse"]
[Date "1995.??.??"]
[Round "12"]
[White "Luce, Sebastien"]
[Black "Sharif, Mershad"]
[Result "0-1"]
[WhiteElo "2415"]
[BlackElo "2465"]

1.g3 d5 2.Nf3 Bg4 3.Bg2 Nd7 4.c4 e6 5.Qa4 c6 6.cxd5 Bxf3 7.Bxf3 cxd5 8.Nc3 Nf6
9.d3 Be7 10.O-O O-O 11.Bd2 Nc5 12.Qc2 Rc8 13.Rfc1 Qd7 14.Be1 d4 15.Nd1 Nd5
16.Bxd5 exd5 17.b4 Na4 18.Qd2 h6 19.Rxc8 Rxc8 20.Rc1 Bg5 21.f4 Bf6 22.Rxc8+ Qxc8
23.Bf2 Nc3 24.Qc2 Qe6 25.Nxc3 dxc3 26.e3 Qc6 27.a3 a5 28.bxa5 Qb5 29.d4 Qb2
30.Qf5 c2  0-1

[Event "FRA-ch"]
[Site "Toulouse"]
[Date "1995.??.??"]
[Round "13"]
[White "Anic, Darko"]
[Black "Bricard, Emmanuel"]
[Result "0-1"]
[WhiteElo "2410"]
[BlackElo "2485"]

1.Nf3 d5 2.g3 c6 3.Bg2 Bg4 4.d3 Nd7 5.Nbd2 e6 6.h3 Bh5 7.O-O Bd6 8.e4 Ne7
9.Qe1 O-O 10.b3 c5 11.Bb2 Nc6 12.d4 Re8 13.Qb1 Rc8 14.c4 Bxf3 15.Bxf3 Nxd4
16.Bxd4 cxd4 17.exd5 Bb4 18.dxe6 Rxe6 19.Qd1 Qa5 20.Ne4 Ne5 21.Bg2 Rd8 22.f4 Nc6
23.Ng5 Re3 24.Qh5 Qf5 25.g4 Qg6 26.Qxg6 hxg6 27.Bd5 Rd7 28.f5 gxf5 29.Rxf5 Ne5
30.Raf1 g6 31.R5f4 d3 32.Nxf7 Nxf7 33.Rxf7 Rxf7 34.Rxf7 d2 35.Kg2 Re2+ 36.Kg3 Kh8  0-1

[Event "Trelew Clarin-GP"]
[Site "Trelew"]
[Date "1995.??.??"]
[Round "7"]
[White "Soppe, Guillermo"]
[Black "Gomez Baillo, Jorge H"]
[Result "1/2-1/2"]
[WhiteElo "2455"]
[BlackElo "2420"]

1.Nf3 d5 2.g3 c6 3.Bg2 Bg4 4.O-O Nd7 5.d3 Ngf6 6.Nbd2 e6 7.h3 Bh5 8.e3 Bd6
9.g4 Bg6 10.Nh4 Ng8 11.Nxg6 hxg6 12.Qe2 Ne7 13.f4 Qc7 14.Nf3 Qb6 15.Kh1 e5
16.e4 dxe4 17.Nxe5 Nxe5 18.fxe5 Bxe5 19.Qxe4 Qd4 20.Qxd4 Bxd4 21.c3 Be5 22.Be3 f6
23.Rae1 Kd7 24.Bc5 Bd6 25.Bxd6 Kxd6 26.Rf4 Rae8 27.Rfe4 g5 28.Kg1 Kd7 29.Rd1 Kc7  1/2-1/2

[Event "SVK-ch"]
[Site "Trencin"]
[Date "1995.??.??"]
[Round "4"]
[White "Kohlman, Robert"]
[Black "Kawaciukova, Zuzana"]
[Result "0-1"]
[WhiteElo "2300"]
[BlackElo "2080"]

1.Nf3 d5 2.g3 e6 3.Bg2 c5 4.d3 Bd6 5.O-O Nc6 6.c4 d4 7.e3 dxe3 8.fxe3 Nge7
9.Kh1 Ng6 10.d4 Qe7 11.Nc3 h5 12.Ne4 h4 13.Nfg5 f5 14.Nxd6+ Qxd6 15.g4 h3
16.Nxh3 Nh4 17.gxf5 Nxg2 18.Kxg2 exf5 19.e4 fxe4 20.Nf4 g5 21.Nh5 Qh6 22.Nf6+ Ke7
23.Nd5+ Kd8 24.Rf2 Qxh2+ 25.Kf1 Qh1+  0-1

[Event "Tula"]
[Site "Tula"]
[Date "1995.??.??"]
[Round "?"]
[White "Newerovski, Gennadi"]
[Black "Maljutin, Evgeni"]
[Result "1-0"]
[WhiteElo "2380"]
[BlackElo "2500"]

1.Nf3 d5 2.g3 Nc6 3.c4 d4 4.d3 e5 5.Bg2 Bb4+ 6.Nbd2 a5 7.O-O Nf6 8.a3 Be7
9.b3 O-O 10.Rb1 Re8 11.Ne1 Bd6 12.Nc2 Qe7 13.Ne4 Nxe4 14.Bxe4 Bg4 15.Qd2 Nd8
16.b4 axb4 17.axb4 c5 18.Ba3 cxb4 19.Bxb4 Ra2 20.Bxd6 Qxd6 21.Ra1 Qa6 22.Rfb1 Qa4
23.Rxa2 Qxa2 24.Ra1 Qb2 25.Ra8 Bd7 26.Qa5 b6 27.Qa2 Qxa2 28.Rxa2 Ne6 29.Nb4 b5
30.Ra7 Nc5 31.Bd5 bxc4 32.Bxc4 Be6 33.Nd5 h6 34.Nc7 Re7 35.Nxe6 Rxa7 36.Nxc5 Kf8
37.Kg2 Ke7 38.f4  1-0

[Event "South California-ch"]
[Site "USA"]
[Date "1995.??.??"]
[Round "5"]
[White "Lakdawala, Cyrus"]
[Black "Yedidia, Jonathan"]
[Result "1/2-1/2"]
[WhiteElo "2360"]
[BlackElo "2390"]

1.Nf3 d5 2.g3 Nf6 3.Bg2 Bf5 4.O-O Nbd7 5.d3 e5 6.c4 c6 7.Nc3 dxc4 8.dxc4 Be7
9.b3 O-O 10.Nh4 Be6 11.Qc2 Ne8 12.Nf5 Bb4 13.e4 Nd6 14.Bb2 g6 15.Ne3 Bc5
16.Rad1 Bd4 17.Ncd5 f6 18.Bxd4 exd4 19.Nf4 Qe7 20.Rxd4 Rad8 21.Rfd1 Ne5 22.Qc3 Bc8
23.a4 Ndf7 24.Ne2 Rxd4 25.Nxd4 Re8 26.f3 f5 27.f4 Nd7 28.e5 Nc5 29.a5 Nh6
30.Qb4 g5 31.fxg5 Qxe5 32.Nf1 Na6 33.Qd2 Nf7 34.b4 Rd8 35.b5 cxb5 36.cxb5 Nc7
37.Qb4 Nxb5 38.Nf3 Qe8 39.Re1 Qd7 40.Re7 Qd6 41.Qe1 Nc7 42.Re2 Ne6 43.h4 f4
44.gxf4 Nxf4 45.Re8+ Rxe8 46.Qxe8+ Qf8 47.Qe3 Nxg2 48.Kxg2 Bg4 49.N1h2 Bxf3+
50.Nxf3 b6 51.axb6 axb6 52.Qxb6 Qd6 53.Qe3 h6 54.Kh3 hxg5 55.hxg5 Nxg5+ 56.Nxg5 Qd7+
57.Kh4 Kf8 58.Qe5 Qa4+ 59.Ne4 Qe8 60.Qh8+ Ke7 61.Qf6+ Kd7 62.Nc5+ Kc7 63.Ne6+ Kb6
64.Kg4 Qd7 65.Kf5 Qd5+ 66.Kg6 Qd3+ 67.Kf7 Qd7+ 68.Kf8 Qd6+ 69.Ke8 Qc6+ 70.Ke7 Qb7+
71.Kd6 Qc6+ 72.Ke5 Qb5+ 73.Ke4 Qe2+ 74.Kd5 Qg2+ 75.Kd6 Qc6+ 76.Ke5 Qb5+  1/2-1/2

[Event "Val Thorens op"]
[Site "Val Thorens"]
[Date "1995.??.??"]
[Round "?"]
[White "Roos, Daniel"]
[Black "Lacrosse, Marc"]
[Result "1-0"]
[WhiteElo "2435"]
[BlackElo "2275"]

1.Nf3 d5 2.g3 Nf6 3.Bg2 c6 4.c4 Bg4 5.O-O e6 6.Qb3 Qb6 7.Qc2 Nbd7 8.b3 Bd6
9.Bb2 O-O 10.d3 Rfe8 11.Nbd2 e5 12.e3 h6 13.d4 Qd8 14.dxe5 Nxe5 15.Rfe1 Qe7
16.Nxe5 Bxe5 17.Rac1 Rad8 18.Nf3 Bxf3 19.Bxf3 Bxb2 20.Qxb2 Ne4 21.cxd5 Rxd5
22.Rcd1 Rf5 23.Bxe4 Qxe4 24.Rd4 Qf3 25.Rd7 c5 26.Qe2 Qc6 27.Red1 Rf6 28.Qg4 Re4
29.Rd8+ Kh7 30.Qc8 Qxc8 31.Rxc8 b6 32.h4 a5 33.Kg2 a4 34.Rd3 Rb4 35.f3 axb3
36.axb3 Kg6  1-0

[Event "Velden op"]
[Site "Velden"]
[Date "1995.??.??"]
[Round "7"]
[White "Piven, Igor"]
[Black "Burmakin, Vladimir"]
[Result "1-0"]
[WhiteElo "2365"]
[BlackElo "2500"]

1.Nf3 d5 2.g3 g6 3.Bg2 Bg7 4.c4 c6 5.cxd5 cxd5 6.d4 Nf6 7.O-O O-O 8.Nc3 b6
9.Ne5 Bb7 10.Bf4 Ne4 11.Nxe4 dxe4 12.Qd2 Nd7 13.Rfd1 Rc8 14.Rac1 Nf6 15.Rxc8 Qxc8
16.Rc1 Qa8 17.Bf1 Rd8 18.g4 Nd5 19.Bg3 Rc8 20.e3 Rxc1 21.Qxc1 f6 22.Nc4 Qc8
23.Qd1 Ba6 24.Qb3 e6 25.Kg2 Bf8 26.a3 Qc6 27.Be2 Bb7 28.h3 g5 29.Bb8 a5 30.Nd2 Kf7
31.Qc4 Qd7 32.Kf1 Ne7 33.Qc2 Qc6 34.Qxc6 Bxc6 35.Nc4 Nd5 36.Ba7 Bb5 37.Nxb6 Bxe2+
38.Kxe2 Nxb6 39.Bxb6 a4 40.f3 f5 41.fxe4 fxe4 42.Bc7 Ke8 43.Kd2 Kd7 44.Be5 Kc6
45.Kc3 Kb5 46.Bf6 h6 47.Be5 Be7 48.Bg7 Bd8 49.Bxh6 Ba5+ 50.Kc2 Bd8 51.b3 Be7
52.bxa4+ Kxa4 53.Kc3 Kb5 54.Kb3 Kc6 55.Kc4 Bxa3 56.Bxg5 Kd7 57.Bf4 Ke7 58.d5 Bb2
59.dxe6 Kxe6 60.h4 Bf6 61.h5 Bh8 62.Bg5  1-0

[Event "Velden op"]
[Site "Velden"]
[Date "1995.??.??"]
[Round "7"]
[White "Loginov, Valery A"]
[Black "Kelecevic, Nedeljko"]
[Result "1/2-1/2"]
[WhiteElo "2525"]
[BlackElo "2435"]

1.Nf3 d5 2.g3 Bg4 3.Bg2 c6 4.c4 e6 5.cxd5 exd5 6.O-O Nd7 7.d3 Bxf3 8.Bxf3 h5
9.e4 dxe4 10.Re1 Be7 11.Bxe4 h4 12.Nc3 hxg3 13.hxg3 Nc5 14.Bf5 g6 15.Be3 Kf8
16.d4 Nd7 17.Bc2 Nb6 18.Qf3 Kg7 19.Bb3 Nf6 20.Bg5 Qf8 21.Re2 Bd8 22.Rae1 Nfd5
23.Bxd5 Bxg5 24.Bb3 Rd8 25.Ne4 Be7 26.Nc5 Bxc5 27.dxc5 Nd5 28.Bxd5 Rxd5 29.Qc3+ Kh7
30.Re7 Qg7 31.Qxg7+ Kxg7 32.Rxb7 a5 33.Rc1 Rhh5 34.Rb6 Rd2 35.g4 Re5 36.Rc4 g5
37.Rxc6 Re1+ 38.Kg2 Ree2 39.Rd6 Rxf2+ 40.Kg3 Rde2 41.c6 Rg2+ 42.Kf3  1/2-1/2

[Event "Verona op"]
[Site "Verona"]
[Date "1995.??.??"]
[Round "?"]
[White "Luciani, Valerio"]
[Black "Peric, Slavisa"]
[Result "1/2-1/2"]
[WhiteElo "2175"]
[BlackElo "2220"]

1.Nf3 d5 2.g3 Nf6 3.d4 c6 4.Bg2 Bg4 5.O-O e6 6.c3 Nbd7 7.Bg5 Bd6 8.Nbd2 h6
9.Bxf6 Nxf6 10.Re1 Bf5 11.Qb3 Qb6 12.Qxb6 axb6 13.Ne5 b5 14.e4 dxe4 15.Nxe4 Bxe5
16.dxe5 Nxe4 17.Bxe4 Bxe4 18.Rxe4 Ke7 19.Kf1 Rhd8 20.a3 Rd2 21.Re2 Rad8 22.Ke1 R2d5
23.f4 Rd3 24.Kf2 h5 25.Re3 Rd2+ 26.Re2 R2d5 27.Rc1 Kd7 28.Ke3 Kc7 29.Rcc2 Rd1
30.Rcd2 R8xd2 31.Rxd2 Rh1 32.Rf2 f6 33.Re2 Kd7 34.Rd2+ Ke7 35.Kd4 b6 36.Re2 Rd1+
37.Ke4 Rd5 38.exf6+ gxf6 39.h3 Kd6 40.Kf3 Rd3+ 41.Re3 Rd1 42.g4 hxg4+ 43.hxg4 e5
44.fxe5+ fxe5 45.Ke2 Rg1 46.Kf3 Rd1 47.Ke2 Rb1 48.Rd3+ Ke6 49.Rd2 e4 50.Ke3 Ke5
51.Rf2 Re1+ 52.Kd2 Rg1 53.Rf5+ Ke6 54.Rf4 Ke5 55.Rf5+ Ke6 56.Rf4 Kd5 57.Rf5+ Kc4
58.Rf4 Rg2+ 59.Ke3 Rxb2 60.Rxe4+ Kxc3 61.Re6 c5 62.Rxb6 Kc4 63.a4 b4 64.a5 Kd5
65.g5 c4 66.g6 Kc5 67.Rb7 b3 68.g7 Rg2 69.a6 Kc6 70.Rb4 Rxg7 71.Rxc4+ Kb5
72.Rc3 Kb4 73.Rc6 Rd7 74.Rb6+ Kc3 75.Rb7 Rd6 76.a7 Ra6 77.Rc7+ Kb2 78.Kd2 Ka1
79.Rb7 Kb2 80.Kd3 Ra4 81.Kd2 Ra3 82.Kd1 Ka2 83.Kd2 Ra6  1/2-1/2

[Event "ITA-ch"]
[Site "Verona"]
[Date "1995.??.??"]
[Round "6"]
[White "Belotti, Bruno"]
[Black "Arlandi, Ennio"]
[Result "1/2-1/2"]
[WhiteElo "2380"]
[BlackElo "2455"]

1.Nf3 d5 2.g3 Nf6 3.Bg2 e6 4.O-O Be7 5.d3 c5 6.Nbd2 Nc6 7.e4 Qc7 8.Re1 h6
9.a3 b6 10.c3 Bb7 11.b4 O-O 12.e5 Nd7 13.d4 cxd4 14.cxd4 b5 15.Bf1 a5 16.bxa5 Ba6
17.Nb3 Nxa5 18.Bd2  1/2-1/2

[Event "Vienna op"]
[Site "Vienna"]
[Date "1995.??.??"]
[Round "4"]
[White "Loginov, Vladimir"]
[Black "Savchenko, Stanislav"]
[Result "1/2-1/2"]
[WhiteElo "2525"]
[BlackElo "2590"]

1.Nf3 d5 2.g3 c6 3.Bg2 Bg4 4.c4 e6 5.cxd5 exd5 6.O-O Nf6 7.d3 Nbd7 8.Qc2 Bc5
9.e4 O-O 10.Nbd2 Bb6 11.b3 Re8 12.Bb2 Nc5 13.Ne5 Bh5 14.Rae1 dxe4 15.dxe4 Rxe5
16.Bxe5 Nd3 17.Bxf6 Nxe1 18.Rxe1 Qxf6 19.Nc4 Qd4 20.e5 Rd8 21.Nxb6  1/2-1/2

[Event "Vienna op"]
[Site "Vienna"]
[Date "1995.??.??"]
[Round "7"]
[White "Tolnai, Tibor"]
[Black "Bawart, Markus"]
[Result "1-0"]
[WhiteElo "2455"]
[BlackElo "2355"]

1.Nf3 d5 2.g3 Nf6 3.Bg2 c6 4.O-O Nbd7 5.d4 g6 6.Nbd2 Bg7 7.c4 O-O 8.Qc2 Re8
9.Rd1 Nb6 10.Ne5 Ng4 11.cxd5 cxd5 12.Ndf3 Bf5 13.Nd3 Nc4 14.h3 Nf6 15.Qb3 a5
16.g4 Be4 17.Nfe5 Bxg2 18.Kxg2 h5 19.Bf4 hxg4 20.hxg4 Qc8 21.f3 Nd7 22.Rac1 Ndxe5
23.Nxe5 Bxe5 24.dxe5 Qc5 25.e6 Ra6 26.exf7+ Kxf7 27.Qxb7 Re6 28.Qxd5 Ne3+
29.Bxe3 Qxe3 30.Re1 Rh8 31.Rc6 Rb8 32.Rxe6 Qxe6 33.Qxe6+ Kxe6 34.Rb1 Ke5
35.Kf2 Rb4 36.Rc1 Ra4 37.a3 Kd4 38.Rc6  1-0

[Event "Viernheim"]
[Site "Viernheim"]
[Date "1995.??.??"]
[Round "3"]
[White "Bezold, Michael"]
[Black "Beikert, Guenther"]
[Result "1/2-1/2"]
[WhiteElo "2490"]
[BlackElo "2455"]

1.Nf3 d5 2.g3 Bg4 3.Bg2 Nd7 4.d4 e6 5.O-O Bd6 6.Nbd2 Ne7 7.c4 c6 8.b3 a5
9.e4 O-O 10.Bb2 a4 11.Qc2 Bh5 12.Rfe1 Bb4 13.Bc3 Qa5 14.Bxb4 Qxb4 15.Re3 dxe4
16.a3 axb3 17.Rxb3 Qa4 18.Qxe4 Bxf3 19.Bxf3  1/2-1/2

[Event "LTU-ch"]
[Site "Vilnius"]
[Date "1995.??.??"]
[Round "6"]
[White "Labuckas, Aidas"]
[Black "Survila, Rimvydas"]
[Result "1/2-1/2"]
[WhiteElo "2320"]
[BlackElo "2255"]

1.Nf3 d5 2.g3 Nf6 3.Bg2 e6 4.d3 Be7 5.O-O O-O 6.Nbd2 Nc6 7.e4 dxe4 8.dxe4 e5
9.c3 Bg4 10.h3 Bxf3 11.Qxf3 Qd7 12.Nc4 Qe6 13.Qe2 Rfe8 14.Ne3 Nd7 15.Nd5 Bd8
16.Be3 a6 17.Bf3 f6 18.Rad1 Qf7 19.Bg4 Nf8 20.h4 Ne7 21.Nb4 a5 22.Nc2 c6
23.c4 f5 24.exf5 Nxf5 25.Bc5 b6 26.Bxf8 Rxf8 27.Qxe5 Bc7 28.Qxf5 Qxf5 29.Bxf5 Rxf5  1/2-1/2

[Event "Vladivostok2 op"]
[Site "Vladivostok"]
[Date "1995.??.??"]
[Round "3"]
[White "Markov, Jurij"]
[Black "Trofimova, Olga"]
[Result "1-0"]
[WhiteElo "2450"]
[BlackElo "2245"]

1.Nf3 d5 2.g3 c6 3.Bg2 Bg4 4.c4 Nf6 5.Ne5 e6 6.cxd5 exd5 7.Nxg4 Nxg4 8.e4 Nf6
9.Qb3 Nxe4 10.Qxb7 Qe7 11.Qc8+ Qd8 12.Qxd8+ Kxd8 13.Nc3 Bc5 14.Nxe4 dxe4
15.Ke2 Re8 16.b3 Nd7 17.Bb2 g6 18.Rac1 Rb8 19.Rc2 a5 20.Rhc1 Re6 21.Rxc5 Nxc5
22.Rxc5 a4 23.Re5 Kd7 24.Rxe6 Kxe6 25.Bxe4 axb3 26.axb3 Rxb3 27.Bc3 c5 28.g4 h6
29.h4 Ra3 30.Bc2 Ke7 31.f4 Ra2 32.Bd3 Ra4 33.Kf3 Ra8 34.Be4 Rd8 35.Ke3 Rd7
36.Bg7 h5 37.g5 Ra7 38.f5 Ra3+ 39.Bc3 Ra4 40.fxg6 fxg6 41.Bxg6 Rxh4 42.Bf5  1-0